000 00652cam a2200229 4500
001 17872
005 20230410130732.0
008 060907s2003 fr fre
020 _a2707137014 (pbk.)
035 _9funglode18013
041 _afre
050 1 4 _aPN 5189
_bP874p 2003
100 1 _aPoulet, Bernard
245 1 3 _aLe pouvoir du Monde :
_bquand un journal veut changer la France /
_cBernard Poulet
260 _aParis :
_bDécouverte,
_c2003
300 _a259 p. ;
_c22 cm.
490 0 _aCahiers libres
630 0 0 _aMonde (Paris, France).
630 0 4 _aMonde (Paris, Francia).
650 4 _aPeriodismo
_zFrancia.
942 _2lcc
_cbk
999 _c79489
_d79489